| 000 | 00353nam a22001217a 4500 | ||
|---|---|---|---|
| 082 | _a200 THE | ||
| 100 |
_aReida Iqbal _969685 |
||
| 245 | _aTH-SOF-1508-Reduction of PAPR in OFDM Systems | ||
| 260 |
_aIslamabad _bNUST College of EME _c2018 |
||
| 650 |
_aMS-ELECT-83 MSTHESIS _969686 |
||
| 700 |
_aSupervisor Dr. Shahzad Amin Sheikh _969687 |
||
| 942 | _cCF | ||
| 999 |
_c576862 _d576862 |
||